00380nam a2200109Ia 4500008004100000020002200041041001200063100010300075245003900178260003200217650002100249231221s9999 xx 000 0 und d a978-0-387-39229-5 aEnglish aReima Suomi, Regis Cabral, J. Felix Hampe, Arto Heikkilä, Jonna Järveläinen, Eija Koskivaara 0aProject E-Society: Building Bricks c2006bSpringer USaNew York aComputer Science